Cooperativas en Centroamérica: historia y marco jurídico
Características y etapas del movimineto cooperativista en Guatemala. SEñala las caracteísticas de cada una de las etapas del cooperativismo: la mutualista 1900-1944, la política social 1944-1954, la de exterminio y asistencialismo 1954-1964, la reaparición del movimiento cooperativo 1964-1970, polít...
Kaydedildi:
| Müşterek Yazar: | |
|---|---|
| Materyal Türü: | Bilinmiyor |
| Baskı/Yayın Bilgisi: |
San Salvador:
FUPAC
|
| Konular: | |
| Etiketler: |
Etiketle
Etiket eklenmemiş, İlk siz ekleyin!
|
MARC
| LEADER | 00000 a2200000 04500 | ||
|---|---|---|---|
| 001 | 20131 | ||
| 003 | |||
| 008 | 991231s d | ||
| 040 | |a CRAI/IIS |c CRAI/IIS | ||
| 090 | |a 082904 | ||
| 110 | |a Universidad Centroamericana José Simeón Cañas | ||
| 245 | |a Cooperativas en Centroamérica: historia y marco jurídico | ||
| 260 | |a San Salvador: |b FUPAC | ||
| 300 | |a 311 p. | ||
| 520 | |a Características y etapas del movimineto cooperativista en Guatemala. SEñala las caracteísticas de cada una de las etapas del cooperativismo: la mutualista 1900-1944, la política social 1944-1954, la de exterminio y asistencialismo 1954-1964, la reaparición del movimiento cooperativo 1964-1970, política agrícola y financiera o etapa de inversión capitalista 1970 en adelante./ACM | ||
| 650 | |a COOPERATIVAS | ||
| 650 | |a MOVIMIENTOS COOPERATIVOS | ||
| 650 | |a HISTORIA ECONOMICA | ||
| 999 | |c 1943 |d 1943 | ||
